000 00735nam a2200253Ia 4500
003 GCL
008 140319s9999 xx 000 0 ara d
040 _aGCL /
_cGCL
082 0 4 _aق
_b551.21
_bم ب
100 1 _aمحمد فتحى عوض الله
245 1 0 _aبراكين مصر /
_cمحمد فتحى عوض الله
260 _a[S.N] :
_bدار المعارف ،
_c1981
300 _a190 ص
490 _a
650 0 4 _aمصر
650 0 4 _aالجيولوجيا
650 0 4 _aالجغرافيا
650 0 4 _aالبراكين
650 0 4 _aالطبيعة
650 0 4 _aالحمم البركانية
650 0 4 _aالصخور البركانية
650 0 4 _aالغازات البركانية
942 _2ddc
_cBK
999 _c57855
_d57855